Central Library OPAC University of Rajshahi

Invariant means on topological groups and their applications / (Record no. 51672)

MARC details
000 -LEADER
fixed length control field 00891nam a2200277 a 4500
001 - CONTROL NUMBER
control field 51672
003 - CONTROL NUMBER IDENTIFIER
rucl marc code BD-RjUL
005 - DATE AND TIME OF LATEST TRANSACTION
control field 20211209075710.0
008 - FIXED-LENGTH DATA ELEMENTS--GENERAL INFORMATION
fixed length control field 160901s1969 nyu b 001 0 eng
035 ## - SYSTEM CONTROL NUMBER
System control number (OCoLC)ocm00064691
System control number (BD-RjUL)51792
System control number (NNC)1546649
040 ## - CATALOGING SOURCE
Original cataloging agency DLC
Transcribing agency DLC
Modifying agency UKM
-- ZCU
-- BD-RjUL
Language of cataloging eng
041 ## - LANGUAGE CODE
Language code of text/sound track or separate title eng
082 ## - DEWEY DECIMAL CLASSIFICATION NUMBER
Edition number 23
Classification number 512.55
Author mark and year GRI 1969
100 1# - MAIN ENTRY--PERSONAL NAME
Personal name Greenleaf, Frederick P.
9 (RLIN) 154466
245 10 - TITLE STATEMENT
Title Invariant means on topological groups and their applications /
Statement of responsibility, etc. by Frederick P. Greenleaf.
260 ## - PUBLICATION, DISTRIBUTION, ETC. (IMPRINT)
Place of publication, distribution, etc. New York :
Name of publisher, distributor, etc. Van Nostrand Reinhold Co. ,
Date of publication, distribution, etc. 1969
300 ## - PHYSICAL DESCRIPTION
Pagination viii, 113 p.
Size 21 cm.
490 1# - SERIES STATEMENT
Series statement Van Nostrand mathematical studies, 16
504 ## - BIBLIOGRAPHY, ETC. NOTE
Bibliography, etc Bibliography: p. 103-109.
650 #0 - SUBJECT ADDED ENTRY--TOPICAL TERM
Topical term or geographic name as entry element Topological groups.
9 (RLIN) 151281
830 #0 - SERIES ADDED ENTRY--UNIFORM TITLE
Uniform title Van Nostrand mathematical studies ;
Volume number/sequential designation no. 16.
942 ## - ADDED ENTRY ELEMENTS (KOHA)
Source of classification or shelving scheme Dewey Decimal Classification
Koha item type Books
Holdings
Lost status Source of classification or shelving scheme Damaged status Not for loan Collection code Permanent Location Current Location Shelving location Date acquired Source of acquisition Cost, normal purchase price Total Checkouts Full call number Date last seen Copy number Koha item type
  Dewey Decimal Classification   Not For Loan Non-fiction Central Library, University of Rajshahi Central Library, University of Rajshahi   27/07/1971 Zeitlinger 30.00   512.55 GRI 1969 01/09/2016 C-1 Books